Responses for Show #6913 - Wednesday, October 8, 2014

Contestants

[<< previous game]

Jason Washington, a customer service representative from Quincy, Illinois

Emily Herndon, a bakery owner from Knoxville, Tennessee

Terri Pous, a social media editor from New York, New York (whose 2-day cash winnings total $36,801)

[next game >>]

Jeopardy! Round responses

NAMED IN THE BIBLE & THE KORAN
SONG LYRICS
JOURNALISM CLICHES
FRUIT & NUTS
BORDERING MISSOURI
YOU'RE SO VAIN
    $200 25
Noah

Terri
    $200 2
(Terri: What is "Don't Go
Chasing [*]? ...or what is [*]?)

"Waterfalls"

Terri
    $200 1
mystery

Triple Stumper
    $200 7
a cherry

Terri
    $200 13
Oklahoma

Jason
    $200 18
(Terri: What is "Sleeping Beauty"?)

"Snow White"

TerriEmily
    $400 27
Moses

Jason
    $400 3
"Titanium"

Terri
    $400 12
(Emily: What is a catalyst?)

a game changer

Emily
Triple Stumper
    $400 8
almonds

Terri
    $400 14
Arkansas

Terri
    $400 19
Botox

Terri
    $600 28
the Devil

Triple Stumper
    $600 4
(Jason: What is "Love Shack"?)

"Rock Lobster"

EmilyJason
    $600 23
manicured

Terri
    $600 9
an apple

Terri
    $600 15
Iowa

Terri
    $600 20
Carly Simon

Terri
    $800 29
Gabriel

Emily
    $800 5
[Emily gave the nonparenthetical part of the response first, then when she didn't promptly receive a ruling, she gave the parenthetical part followed immediately by the words "makes you" and the nonparenthetical part. She was ruled correct.]

"Stronger (What Doesn't Kill You)"

Emily
    $800 24
a silver bullet

Jason
    $800 10
(Terri: ...Lost it. I don't know.)
(Jason: What is papaya?)

casaba

TerriJason
Triple Stumper
    $800 16
Kansas

Terri
    $800 22
Narcissus

Terri
    $1000 30
(Jason: Who is Thomas?)

Jonah

Jason
Triple Stumper
    $1000 6
"Dark Horse"

Emily
    $1000 26
poster child

Triple Stumper
    $1000 11
kola nuts

Triple Stumper
    $2,000 17
(Terri: Um...what is Kentucky?)
...
(Alex: It's the only state with a unicameral legislature, and that is [*].)

Nebraska

Terri
    $1000 21
ego surfing

Triple Stumper

Scores at the first commercial break (after clue 15):

Terri Emily Jason
$2,000 $2,000 -$1,200

Scores at the end of the Jeopardy! Round:

Terri Emily Jason
$3,200 $3,000 -$1,000

Double Jeopardy! Round responses

THAT BOOK GAVE ME A NIGHTMARE
SPANISH HISTORY
GRAVE NEW WORLD
INTERJECTIONS!
MOVIE SOUND FX
YOU'RE SO VEIN
    $400 12
(Charles) Manson

Terri
    $400 4
Franco

Terri
    $400 1
Sleepy Hollow

Terri
    $400 8
sonar

Jason
    $800 16
zombies

Emily
    $800 6
Cuba & Puerto Rico

Emily
    $2,000 2
Bob Marley

Terri
    $800 7
(Jason: What is to...no. Sew.)

darn!

EmilyJason
    $800 9
a boxing match

Jason
    $1,000 28
(Alex: You have an $1,800 lead over Emily, and we are running out of time.)
...
[The end-of-round signal sounds.]

the ring finger

Terri
    $1200 19
Beatrix Potter

Emily
    $1200 13
St. Ignatius of Loyola

Triple Stumper
    $1200 3
Mexico City

Jason
    $1200 22
shucks!

Emily
    $1200 10
a ricochet

Jason
    $1200 27
a clot

Terri
    $1600 20
(Terri: What are pagans?)
(Alex: More specific.)
(Terri: What are pagan priests?)

the druids

Terri
Triple Stumper
    $1600 14
(Emily: Who is Jerome?)

Joseph Bonaparte

Emily
Triple Stumper
    $1600 5
(Alex: Doc Holliday died in [*].)

Colorado

Triple Stumper
    $1600 23
(Alex: [*] is right, with a minute.)

rats!

Emily
    $1600 11
(Jason: What is an owl?)
(Alex: Be more specific.)
(Jason: What is a barn owl?)
(Emily: What's a hoot owl?)

the great horned owl

EmilyJason
Triple Stumper
    $1600 26
an angiogram

Triple Stumper
    $2000 21
(Jason: What is Close Encounter of the Third Kind?)

Communion: A True Story

Jason
Triple Stumper
    $2000 15
(Terri: What is Granada?)

Seville

Terri
Triple Stumper
    $2000 18
the White Star Line

Triple Stumper
    $2000 24
fiddlesticks!

Triple Stumper
    $2000 17
the Wilhelm

Terri
    $2000 25
(Emily: What's the aorta?)

vena cava

EmilyJason

Scores at the end of the Double Jeopardy! Round:

Terri Emily Jason
$7,000 $4,200 $200

[wagering suggestions for these scores]

Final Jeopardy! Round responses

NOVEL TITLE CHARACTERS
JasonWho is Hamlet?
$0
EmilyWho is Don Quixote?
$3,900
TerriWho is Mr. Hyde?
$1,401
Don Quixote

Final scores:

Terri Emily Jason
$5,599 $8,100 $200
2nd place: $2,000 New champion: $8,100 3rd place: $1,000

Game dynamics:

Coryat scores:

Terri Emily Jason
$7,600 $4,200 $200
20 R
(including 2 DDs),
5 W
(including 1 DD)
11 R,
4 W
8 R,
6 W

Combined Coryat: $12,000

[game clues] [game scores] [suggest correction]

Game tape date: 2014-07-30
The J! Archive is created by fans, for fans. Scraping, republication, monetization, and malicious use prohibited; this site may use cookies and collect identifying information. See terms. The Jeopardy! game show and all elements thereof, including but not limited to copyright and trademark thereto, are the property of Jeopardy Productions, Inc. and are protected under law. This website is not affiliated with, sponsored by, or operated by Jeopardy Productions, Inc. Join the discussion at JBoard.tv.